[Event "LUX-chT 2016/17"]
[Site "Luxembourg"]
[Date "2016.11.20"]
[Round "4"]
[White "Komninos, Nikolaos"]
[Black "Mertens, David"]
[Result "1-0"]
[WhiteElo "2177"]
[BlackElo "1859"]
[PlyCount "27"]
[EventDate "2016.09.25"]
[EventType "team-tourn"]
[EventRounds "10"]
[EventCountry "LUX"]
[SourceTitle "EXT 2018"]
[Source "ChessBase"]
[SourceDate "2017.10.13"]
[SourceVersion "1"]
[SourceVersionDate "2017.10.13"]
[SourceQuality "1"]

1. e4 e5 2. Nf3 Nc6 3. Bc4 Nf6 4. d3 Be7 5. Bb3 0-0 6. Nbd2 d5 7. c3 dxe4 8. dxe4 Re8 9. Qe2 h6 10. h3 a5 11. Nf1 Bf8 12. Nh4 g6 13. Nxg6 a4 14. Bc4 1-0

[Event "LUX-chT 2016/17"]
[Site "Luxembourg"]
[Date "2016.10.23"]
[Round "3"]
[White "Ghavami, Seyed Reza"]
[Black "Mertens, David"]
[Result "1-0"]
[WhiteElo "1999"]
[BlackElo "1859"]
[PlyCount "37"]
[EventDate "2016.09.25"]
[EventType "team-tourn"]
[EventRounds "10"]
[EventCountry "LUX"]
[SourceTitle "EXT 2018"]
[Source "ChessBase"]
[SourceDate "2017.10.13"]
[SourceVersion "1"]
[SourceVersionDate "2017.10.13"]
[SourceQuality "1"]

1. e4 e5 2. Nf3 Nc6 3. Bb5 f5 4. d3 fxe4 5. dxe4 Nf6 6. 0-0 Bc5 7. Nc3 0-0 8. Bg5 d6 9. Bc4+ Kh8 10. a3 Qe8 11. Bxf6 gxf6 12. Nh4 Ne7 13. Kh1 f5 14. f4 exf4 15. Rxf4 Be3 16. Rf1 f4 17. Nb5 Qc6 18. Qd3 a6 19. Qc3+ 1-0

[Event "LUX-chT 2016/17"]
[Site "Luxembourg"]
[Date "2016.09.25"]
[Round "1"]
[White "Mertens, David"]
[Black "Bakalarz, Mietek"]
[Result "0-1"]
[WhiteElo "1859"]
[BlackElo "2312"]
[PlyCount "122"]
[EventDate "2016.09.25"]
[EventType "team-tourn"]
[EventRounds "10"]
[EventCountry "LUX"]
[SourceTitle "EXT 2018"]
[Source "ChessBase"]
[SourceDate "2017.10.13"]
[SourceVersion "1"]
[SourceVersionDate "2017.10.13"]
[SourceQuality "1"]

1. e4 e5 2. f4 d5 3. exd5 exf4 4. Nf3 Nf6 5. Bc4 Nxd5 6. Nc3 Nxc3 7. dxc3 Qxd1+ 8. Kxd1 Bd6 9. Re1+ Kf8 10. Ne5 Nc6 11. Bxf4 Bxe5 12. Bxe5 Bg4+ 13. Kc1 Nxe5 14. Rxe5 Re8 15. Rxe8+ Kxe8 16. Kd2 Ke7 17. Re1+ Be6 18. Bxe6 fxe6 19. Re4 Rd8+ 20. Ke2 Rd5 21. Rc4 c5 22. b4 Re5+ 23. Kd3 Kd6 24. Rh4 h5 25. g4 g6 26. gxh5 Rxh5 27. Rg4 Rh3+ 28. Kc4 cxb4 29. cxb4 Rxh2 30. c3 Rxa2 31. Rxg6 a6 32. Rg7 b5+ 33. Kd4 a5 34. bxa5 Ra4+ 35. Kd3 Rxa5 36. Rb7 Kc6 37. Re7 Kd5 38. Rd7+ Ke5 39. Rb7 Kd6 40. Rb8 Kc7 41. Re8 Ra6 42. Kd4 Rc6 43. Re7+ Kb6 44. Rd7 e5+ 45. Kxe5 Rxc3 46. Kd4 Rc1 47. Rh7 Ka5 48. Rb7 b4 49. Kd3 Ka4 50. Kd2 Rc8 51. Ra7+ Kb3 52. Rb7 Ka3 53. Ra7+ Kb2 54. Rb7 Rd8+ 55. Ke3 b3 56. Ra7 Kb1 57. Rb7 b2 58. Ra7 Rd5 59. Ke4 Rd1 60. Ke3 Rd5 61. Ke4 Rd2 0-1

[Event "Luxembourg-chT 1415"]
[Site "Luxembourg"]
[Date "2015.03.29"]
[Round "10"]
[White "Beck, Luc"]
[Black "Mertens, David"]
[Result "1/2-1/2"]
[WhiteElo "1725"]
[BlackElo "1864"]
[PlyCount "39"]
[EventDate "2014.10.05"]
[EventType "team-tourn"]
[EventRounds "10"]
[EventCountry "LUX"]
[SourceTitle "EXT 2017"]
[Source "ChessBase"]
[SourceDate "2016.10.25"]
[SourceVersion "1"]
[SourceVersionDate "2016.10.25"]
[SourceQuality "1"]

1. e4 e6 2. d4 d5 3. e5 c5 4. c3 Qb6 5. Nf3 Bd7 6. Bd3 cxd4 7. cxd4 Bb5 8. Nc3 Bxd3 9. Qxd3 Bb4 10. Rb1 Qa6 11. Qxa6 Nxa6 12. 0-0 Bxc3 13. bxc3 b6 14. Ba3 Rc8 15. Rfc1 Ne7 16. Nd2 Nc6 17. Bb4 Kd7 18. a3 Ncxb4 19. cxb4 Rxc1+ 20. Rxc1 1/2-1/2

[Event "Luxembourg-chT 1415"]
[Site "Luxembourg"]
[Date "2015.03.15"]
[Round "9"]
[White "Mauquoi, Rudi"]
[Black "Mertens, David"]
[Result "1/2-1/2"]
[WhiteElo "2031"]
[BlackElo "1864"]
[PlyCount "46"]
[EventDate "2014.10.05"]
[EventType "team-tourn"]
[EventRounds "10"]
[EventCountry "LUX"]
[SourceTitle "EXT 2017"]
[Source "ChessBase"]
[SourceDate "2016.10.25"]
[SourceVersion "1"]
[SourceVersionDate "2016.10.25"]
[SourceQuality "1"]

1. e4 e6 2. d3 d5 3. Nd2 c5 4. Ngf3 Nc6 5. g3 Nf6 6. Bg2 Be7 7. 0-0 0-0 8. Re1 b5 9. e5 Ne8 10. Nf1 a5 11. h4 b4 12. a3 bxa3 13. bxa3 Nc7 14. Ng5 f6 15. exf6 Bxf6 16. Rb1 h6 17. Nf3 Bd7 18. Bf4 e5 19. Bxe5 Nxe5 20. Nxe5 Bxe5 21. Rxe5 Rxf2 22. Kxf2 Qf6+ 23. Bf3 Qxe5 1/2-1/2

[Event "Luxembourg-chT 1415"]
[Site "Luxembourg"]
[Date "2014.11.23"]
[Round "4"]
[White "Biryukov, Alice"]
[Black "Mertens, David"]
[Result "1/2-1/2"]
[WhiteElo "1867"]
[BlackElo "1881"]
[PlyCount "51"]
[EventDate "2014.10.05"]
[EventType "team-tourn"]
[EventRounds "10"]
[EventCountry "LUX"]
[SourceTitle "EXT 2017"]
[Source "ChessBase"]
[SourceDate "2016.10.25"]
[SourceVersion "1"]
[SourceVersionDate "2016.10.25"]
[SourceQuality "1"]

1. e4 e6 2. d4 d5 3. Nc3 Be7 4. Nf3 Nf6 5. e5 Nfd7 6. Be3 c5 7. Bb5 Nc6 8. 0-0 a6 9. Bxc6 bxc6 10. Ne2 Qb6 11. b3 cxd4 12. Bxd4 c5 13. Bb2 a5 14. a4 Ba6 15. Re1 0-0 16. Ng3 Rfc8 17. Qd2 c4 18. Bd4 Bc5 19. Rab1 Bxd4 20. Nxd4 Qc5 21. Nh5 Rab8 22. Rbc1 Rb4 23. c3 Rxb3 24. Nxb3 cxb3 25. Qg5 Qf8 26. Re3 1/2-1/2

[Event "Luxembourg-chT 1415"]
[Site "Luxembourg"]
[Date "2014.10.19"]
[Round "2"]
[White "Pettinger, Jean Paul"]
[Black "Mertens, David"]
[Result "1-0"]
[WhiteElo "2180"]
[BlackElo "1864"]
[PlyCount "43"]
[EventDate "2014.10.05"]
[EventType "team-tourn"]
[EventRounds "10"]
[EventCountry "LUX"]
[SourceTitle "EXT 2017"]
[Source "ChessBase"]
[SourceDate "2016.10.25"]
[SourceVersion "1"]
[SourceVersionDate "2016.10.25"]
[SourceQuality "1"]

1. e4 g6 2. d4 Bg7 3. Nc3 d6 4. Be3 a6 5. f4 Nd7 6. Qf3 b5 7. e5 Rb8 8. Bd3 Bb7 9. Be4 Bxe4 10. Qxe4 e6 11. d5 exd5 12. Nxd5 dxe5 13. fxe5 Nh6 14. Nf6+ Kf8 15. 0-0-0 Bxf6 16. exf6 Nf5 17. Qc6 Qe8 18. Bc5+ Nxc5 19. Qxc5+ Kg8 20. Nf3 Qe3+ 21. Qxe3 Nxe3 22. Rd7 1-0

[Event "Luxembourg-chT 1213"]
[Site "Luxembourg"]
[Date "2012.10.??"]
[Round "1"]
[White "Mertens, David"]
[Black "Peiffer, Joe"]
[Result "1/2-1/2"]
[WhiteElo "1864"]
[BlackElo "1876"]
[PlyCount "38"]
[EventDate "2012.10.??"]
[EventType "team-tourn"]
[EventRounds "10"]
[EventCountry "LUX"]
[SourceTitle "EXT 2017"]
[Source "ChessBase"]
[SourceDate "2016.10.25"]
[SourceVersion "1"]
[SourceVersionDate "2016.10.25"]
[SourceQuality "1"]

1. c4 Nf6 2. g3 g6 3. Bg2 Bg7 4. Nc3 0-0 5. d3 d6 6. Rb1 e5 7. Nf3 a5 8. 0-0 Nc6 9. a3 Bg4 10. h3 Bd7 11. Be3 Qc8 12. Kh2 Ne7 13. b4 axb4 14. axb4 Ne8 15. Bg5 f6 16. Bd2 f5 17. e3 Nf6 18. Qc2 h6 19. Ng1 Be6 1/2-1/2

[Event "Luxembourg-chT 1112"]
[Site "Luxembourg"]
[Date "2012.04.10"]
[Round "8"]
[White "Mertens, David"]
[Black "Hasani, Driton"]
[Result "1-0"]
[WhiteElo "1864"]
[BlackElo "1708"]
[PlyCount "89"]
[EventDate "2011.10.??"]
[EventType "team-tourn"]
[EventRounds "10"]
[EventCountry "LUX"]
[SourceTitle "EXT 2017"]
[Source "ChessBase"]
[SourceDate "2016.10.25"]
[SourceVersion "1"]
[SourceVersionDate "2016.10.25"]
[SourceQuality "1"]

1. g3 e5 2. d3 Nf6 3. Bg2 Be7 4. Nf3 d6 5. 0-0 0-0 6. c4 a5 7. Nc3 c6 8. b3 Bf5 9. Bb2 Qc8 10. Bh1 Nbd7 11. a3 h5 12. Qd2 Nh7 13. b4 Qc7 14. Qc2 axb4 15. axb4 g5 16. Rfb1 h4 17. Qd1 Qb6 18. Na4 Qc7 19. b5 Bf6 20. Nd2 Rfe8 21. Nc3 hxg3 22. hxg3 Kg7 23. Nb3 Rxa1 24. Rxa1 Nhf8 25. Ra7 Qb6 26. Ra2 Ne6 27. Na4 Qc7 28. Qa1 Qc8 29. Ba3 c5 30. Bb2 Nd4 31. Bxd4 exd4 32. Na5 Rh8 33. Bxb7 Qc7 34. b6 Nxb6 35. Nxb6 Qxb6 36. Rb2 Qa7 37. Ra2 Qb8 38. Bd5 Be6 39. Bxe6 fxe6 40. Nc6 Qe8 41. Ra7+ Kg6 42. Qa6 Kf5 43. Qb7 Qh5 44. Nxd4+ cxd4 45. Qe4# 1-0

[Event "LUX-ch AB"]
[Site "Differdingen"]
[Date "2007.04.13"]
[Round "7.16"]
[White "Scholtes, Theo"]
[Black "Mertens, David"]
[Result "1/2-1/2"]
[WhiteElo "1720"]
[BlackElo "1872"]
[PlyCount "186"]
[EventDate "2007.04.07"]
[EventType "swiss"]
[EventRounds "9"]
[EventCountry "LUX"]
[SourceTitle "EXT 2008"]
[Source "ChessBase"]
[SourceDate "2007.11.25"]
[SourceVersion "1"]
[SourceVersionDate "2007.11.25"]
[SourceQuality "1"]

1. a3 Nf6 2. Nf3 g6 3. g3 Bg7 4. Bg2 0-0 5. 0-0 d6 6. Re1 e5 7. d3 Nc6 8. Bg5 h6 9. Bc1 Be6 10. e4 Qd7 11. Nc3 Bh3 12. Bh1 Bg4 13. Be3 Rae8 14. Qc1 Kh7 15. Nh4 Qe7 16. Bg2 Nb8 17. h3 Be6 18. Kh2 c6 19. Rg1 Nbd7 20. Qe1 Nb6 21. Nf3 Qc7 22. Ne2 Bd7 23. Nd2 Bc8 24. f3 Nbd7 25. Bf2 b6 26. Rb1 Bb7 27. Qd1 Ng8 28. g4 Qd8 29. Bg3 Bf6 30. Qe1 Qc7 31. f4 Bg7 32. f5 g5 33. Nc4 b5 34. Nd2 f6 35. Bf2 Ne7 36. Nb3 Nc8 37. Qa5 Ncb6 38. Qe1 Rh8 39. Ng3 Bf8 40. Nh5 Be7 41. Rh1 Kg8 42. Kg1 Kf7 43. Nd2 d5 44. Qd1 c5 45. Qe2 Qb8 46. Ng3 Qa8 47. Be3 d4 48. Bf2 Nc8 49. Ra1 Bc6 50. Nh5 Nd6 51. Ng3 Reg8 52. Nh5 Ne8 53. Nf1 Ng7 54. Nfg3 Nb6 55. Bf3 Nc8 56. Kg2 Nd6 57. Nxg7 Kxg7 58. h4 Kf7 59. h5 Rb8 60. Rhc1 Rhc8 61. Be1 Be8 62. b3 Kf8 63. Bd2 Bf7 64. Qe1 Qc6 65. a4 a6 66. axb5 axb5 67. Ra7 Ra8 68. Rxa8 Rxa8 69. Ra1 Qb7 70. Qb1 Ra7 71. Bd1 Qa8 72. Rxa7 Qxa7 73. Qb2 Nb7 74. Ne2 c4 75. bxc4 bxc4 76. dxc4 Bxc4 77. Nc1 Kg7 78. Bb4 Nc5 79. Qa3 Qb6 80. Be2 Bxe2 81. Nxe2 Qc6 82. Qf3 Kf7 83. Bxc5 Bxc5 84. Qb3+ Kg7 85. Kf3 Bb6 86. Qd3 Ba7 87. Qb3 Qb6 88. Nc1 Qxb3+ 89. Nxb3 Kf7 90. Ke2 Ke7 91. Kd3 Kd6 92. Kc4 Bb6 93. Kb5 Ba7 1/2-1/2

[Event "LUX-ch AB"]
[Site "Differdingen"]
[Date "2007.04.10"]
[Round "4.14"]
[White "Fadil, Hicham"]
[Black "Mertens, David"]
[Result "1-0"]
[WhiteElo "1653"]
[BlackElo "1872"]
[PlyCount "75"]
[EventDate "2007.04.07"]
[EventType "swiss"]
[EventRounds "9"]
[EventCountry "LUX"]
[SourceTitle "EXT 2008"]
[Source "ChessBase"]
[SourceDate "2007.11.25"]
[SourceVersion "1"]
[SourceVersionDate "2007.11.25"]
[SourceQuality "1"]

1. e4 c5 2. Nf3 Nc6 3. Bb5 g6 4. c3 Bg7 5. d4 Qa5 6. Bxc6 bxc6 7. 0-0 Nf6 8. e5 Nd5 9. Nbd2 cxd4 10. cxd4 0-0 11. Nc4 Qc7 12. Ne3 Bb7 13. Nxd5 cxd5 14. Bf4 Rab8 15. Qd2 Qb6 16. Rfc1 Ba6 17. b3 Rb7 18. h4 Bb5 19. Rc5 Bc6 20. Bh6 Ra8 21. h5 e6 22. Qf4 Qd8 23. Bg5 Qe8 24. h6 Bf8 25. Rc3 Be7 26. Nh2 Qd8 27. Rf3 Qf8 28. Ng4 Bxg5 29. Qxg5 Kh8 30. Rc1 a5 31. Rcc3 a4 32. Rf6 axb3 33. axb3 Rab8 34. Rcf3 Rxb3 35. Rxb3 Rxb3 36. Rxf7 Qxf7 37. Qd8+ Qg8 38. Qf6+ 1-0

[Event "Luxembourg-ch"]
[Site "Luxembourg"]
[Date "1999.04.09"]
[Round "7"]
[White "Mertens, David"]
[Black "Muller, Guy"]
[Result "1/2-1/2"]
[WhiteElo "1591"]
[BlackElo "1696"]
[PlyCount "59"]
[EventDate "1999.04.03"]
[EventType "swiss"]
[EventRounds "9"]
[EventCountry "LUX"]
[SourceTitle "EXT 2005"]
[Source "ChessBase"]
[SourceDate "2004.11.15"]
[SourceVersion "1"]
[SourceVersionDate "2004.11.15"]
[SourceQuality "1"]

1. e4 b6 2. d4 Bb7 3. Bd3 e6 4. Ne2 c5 5. c3 Nc6 6. Be3 Nf6 7. h3 cxd4 8. cxd4 Nb4 9. Nbc3 Nxd3+ 10. Qxd3 Bb4 11. f3 0-0 12. 0-0 Bxc3 13. Nxc3 h6 14. Rac1 d5 15. e5 Ne8 16. Rc2 Nc7 17. Rfc1 Ba6 18. Qd2 Qh4 19. Qf2 Qh5 20. Ne2 Bxe2 21. Qxe2 Ne8 22. Kh2 g5 23. f4 Qxe2 24. Rxe2 gxf4 25. Bxf4 Kh7 26. Rec2 Ng7 27. g4 h5 28. Rc7 hxg4 29. hxg4 Kg6 30. Kg3 1/2-1/2

[Event "Luxembourg-ch"]
[Site "Luxembourg"]
[Date "1999.04.08"]
[Round "6"]
[White "Romano, Antonino"]
[Black "Mertens, David"]
[Result "1-0"]
[WhiteElo "1675"]
[BlackElo "1591"]
[PlyCount "61"]
[EventDate "1999.04.03"]
[EventType "swiss"]
[EventRounds "9"]
[EventCountry "LUX"]
[SourceTitle "EXT 2005"]
[Source "ChessBase"]
[SourceDate "2004.11.15"]
[SourceVersion "1"]
[SourceVersionDate "2004.11.15"]
[SourceQuality "1"]

1. e4 c6 2. Nf3 d5 3. exd5 cxd5 4. Bb5+ Nc6 5. d4 Bg4 6. Be3 e6 7. 0-0 Nf6 8. a3 Be7 9. Nbd2 0-0 10. c3 Qb6 11. Bxc6 bxc6 12. b4 a5 13. h3 Bxf3 14. Nxf3 axb4 15. cxb4 Bd6 16. Ne5 Qb7 17. Bg5 Bxe5 18. dxe5 Nd7 19. f4 Rfc8 20. Qg4 Nf8 21. h4 Kh8 22. h5 Qd7 23. Rf3 Ng6 24. hxg6 fxg6 25. Rh3 h5 26. Qe2 Kg8 27. g4 Qa7+ 28. Kg2 Qd4 29. gxh5 Qxa1 30. hxg6 Rxa3 31. Rh8+ 1-0

[Event "Luxembourg-ch"]
[Site "Luxembourg"]
[Date "1999.04.05"]
[Round "3"]
[White "Leyder, Alphonse"]
[Black "Mertens, David"]
[Result "1/2-1/2"]
[WhiteElo "1762"]
[BlackElo "1591"]
[PlyCount "40"]
[EventDate "1999.04.03"]
[EventType "swiss"]
[EventRounds "9"]
[EventCountry "LUX"]
[SourceTitle "EXT 2005"]
[Source "ChessBase"]
[SourceDate "2004.11.15"]
[SourceVersion "1"]
[SourceVersionDate "2004.11.15"]
[SourceQuality "1"]

1. d4 f5 2. Bg5 h6 3. Bh4 g5 4. e3 Nf6 5. Bg3 d5 6. Bd3 e6 7. Be5 Bd6 8. Bxd6 Qxd6 9. c3 Nbd7 10. Nd2 b6 11. Qe2 Bb7 12. Ba6 0-0-0 13. 0-0-0 c5 14. dxc5 Nxc5 15. Bxb7+ Kxb7 16. Ngf3 Ncd7 17. Nd4 a6 18. Kb1 Rc8 19. Rc1 Rc7 20. c4 Rhc8 1/2-1/2

[Event "Luxembourg-ch"]
[Site "Luxembourg"]
[Date "1999.04.04"]
[Round "2"]
[White "Mertens, David"]
[Black "Kneip, Jean Paul"]
[Result "1/2-1/2"]
[WhiteElo "1591"]
[BlackElo "1743"]
[PlyCount "31"]
[EventDate "1999.04.03"]
[EventType "swiss"]
[EventRounds "9"]
[EventCountry "LUX"]
[SourceTitle "EXT 2005"]
[Source "ChessBase"]
[SourceDate "2004.11.15"]
[SourceVersion "1"]
[SourceVersionDate "2004.11.15"]
[SourceQuality "1"]

1. Nf3 d5 2. g3 Nf6 3. Bg2 Bg4 4. 0-0 c6 5. b3 Nbd7 6. Bb2 Bxf3 7. Bxf3 e5 8. d3 Bd6 9. Nd2 0-0 10. Re1 Ne8 11. e4 d4 12. Nc4 Bb4 13. Nd2 Nd6 14. a3 Bxd2 15. Qxd2 a5 16. Bg2 1/2-1/2

[Event "Luxembourg-ch"]
[Site "Luxembourg"]
[Date "1999.04.03"]
[Round "1"]
[White "Daubenfeld, Gilles"]
[Black "Mertens, David"]
[Result "1/2-1/2"]
[WhiteElo "1867"]
[BlackElo "1591"]
[PlyCount "76"]
[EventDate "1999.04.03"]
[EventType "swiss"]
[EventRounds "9"]
[EventCountry "LUX"]
[SourceTitle "EXT 2005"]
[Source "ChessBase"]
[SourceDate "2004.11.15"]
[SourceVersion "1"]
[SourceVersionDate "2004.11.15"]
[SourceQuality "1"]

1. e4 c6 2. d4 d5 3. e5 Bf5 4. h4 h5 5. Bd3 Bxd3 6. Qxd3 e6 7. Nc3 Bb4 8. Bd2 Ne7 9. a3 Bxc3 10. bxc3 Nf5 11. Nf3 0-0 12. Rb1 Qc7 13. 0-0 Nd7 14. Rb2 c5 15. c4 dxc4 16. Qxc4 b6 17. Bf4 Rac8 18. d5 exd5 19. Qxd5 Ne7 20. Qc4 Ng6 21. Bg3 Ngxe5 22. Nxe5 Nxe5 23. Qe2 Rfe8 24. Qxh5 Re7 25. Rb3 Qd6 26. Re3 Rce8 27. Rfe1 Qg6 28. Qd1 Qf6 29. Qd5 Ng6 30. Rxe7 Rxe7 31. Qd8+ Kh7 32. Rxe7 Qxe7 33. Qxe7 Nxe7 34. Kf1 Kg6 35. Bf4 Kh5 36. g3 Nd5 37. Bb8 a6 38. c4 Nc3 1/2-1/2